000 00812nam a22002057a 4500
999 _c9282
_d9282
003 AR-CdUCM
008 190327b ||||| |||| 00| 0 spa d
040 _aMUNICIPALIDAD PROVINCIAL DEL CUSCO
_cBIBLIOTECA MUNICIPAL DEL CUSCO
082 _a301.2 /
_bV33
100 _aVásquez, Enrique
_925386
245 _a¿Por que y como acortar la brecha de género en educación de las niñas y adolescentes rurales en el Perú? /
260 _aLima :
_bGráfica digital,
_c2007
300 _a114 páginas ;
_c21 cm.
505 _aContenido : Introducción -- ¿Por qué es deseable acortar la brecha de género en educación? -- ¿Ha cambiado la equidad de género en educación ...
650 _aGénero
_92365
650 _aEducación
_9460
650 _aAdolescentes
_925103
942 _2ddc
_cLIBROS
945 _arah